Responses for show #3419 - Thursday, June 17, 1999

Contestants

Tammy King, a systems engineer from Lapeer, Michigan

Joe Padavic, an international freight forwarder from Roselle, Illinois

Mike Scott, an organic farmer from Janesville, Wisconsin (whose 2-day cash winnings total $12,000)

Jeopardy! Round responses

FOR WHAT ITS WORDSWORTH
FOOD & DRINK
THE VOICE OF GOD
ACTRESSES' MIDDLE NAMES
CHILDREN'S GAMES
EASY AS "PIE"
    $100 26
(Alex: Of course!)

Love

Joe
    $100 10
Bread

Joe
    $100 1
Flood

Tammy
    $100 21
Tyler

Tammy
    $100 2
Simon

Joe
    $100 16
Christmas pie

Tammy
    $200 27
(J: What is a daffodil?)

Rose

JoeTammy
    $200 11
White sauce

Tammy
    $200 6
Pharaoh

Joe
    $200 22
Kay

Joe
    $200 3
Jump rope

Joe
    $200 17
"American Pie"

Tammy
    $300 28
A cloud

Joe
    $300 13
Italy

Joe
    $300 7
Cain

Triple Stumper
    $300 23
Ann

Joe
    $300 4
Clap

Joe
    $300 18
Pie in the sky

Mike
    $400 29
Oxford

Triple Stumper
    $400 14
Mushrooms

Joe
    $500 8
Joshua

Joe
    $400 24
Beth

Triple Stumper
    $400 5
(J: What is pixie sticks?)
(T: What is pick-up sticks?)

Jacks

MikeJoeTammy
    $400 19
Pie chart/graph

Joe
    $500 30
Rob Roy

Mike
    $500 15
Oolong

Triple Stumper
    $500 9
Job

Joe
    $500 25
Elizabeth

Joe
    $500 12
Marbles

Joe
    $500 20
Magpies

Mike

Scores at the first commercial break (after clue 15):

Mike Joe Tammy
$400 $2,700 -$100

Scores at the end of the Jeopardy! Round:

Mike Joe Tammy
$1,700 $4,300 $500

Double Jeopardy! Round responses

ANCIENT HISTORY
NEXT IN LINE, PLEASE
(Alex: How appropriate!)
INVENTORS
FILM FOLK
THE MIDWEST
"BOR"ING
    $200 1
China

Tammy
    $200 16
Millennium

Joe
    $200 21
Thomas Edison

Tammy
    $200 6
Darth Vader

Joe
    $200 11
Minneapolis & St. Paul

Joe
    $200 26
Born again

Joe
    $400 2
Alexandria

Joe
    $400 17
Van Buren

Tammy
    $400 22
Benjamin Franklin

Mike
    $400 7
Brigitte Bardot

Tammy
    $400 12
Green Bay

Joe
    $400 27
Bordeaux

Mike
    $600 3
Carthage

Tammy
    $600 18
Mu

Joe
    $600 23
Samuel Morse

Joe
    $600 8
Little Caesar

Tammy
    $600 13
Jimmy Hoffa

Tammy
    $600 28
Bordello

Joe
    $800 4
Constantine

Joe
    $800 19
Star scout

Joe
    $800 24
Isaac Singer

Mike
    $800 9
Airport

Mike
    $1,000 14
Joliet

Tammy
    $800 29
Borneo

Mike
    $1000 5
(T: Who was Aristotle?)

Plato

MikeTammy
    $1000 20
Jurassic period

Triple Stumper
    $1000 25
Daniel B. Wesson

Mike
    $1000 10
In Cold Blood

Mike
    $1000 15
"Go West, young man (and grow up with the country)"

Joe
    $2,500 30
Frank Borman

Mike

Scores at the end of the Double Jeopardy! Round:

Mike Joe Tammy
$10,400 $10,300 $3,500

[wagering suggestions for these scores]

Final Jeopardy! Round responses

LITERARY BOTANY
(Alex: The dreaded [*]; first time we've used it.)
(Alex: "Ali Baba and the Forty Thieves": "Open, [*]!")
TammyWhat is curry?
$3,499
JoeWhat is garlic?
$0
MikeWhat is ginseng
$10,201
Sesame

Final scores:

Mike Joe Tammy
$199 $10,300 $1
2nd place: Techmedia Computer System & Broyhill Computer Home Office New champion: $10,300 3rd place: Ducane Par-T-Grill

Game dynamics:

Coryat scores:

Mike Joe Tammy
$8,900 $10,200 $3,300
13 R
(including 1 DD),
0 W
28 R
(including 1 DD),
2 W
14 R
(including 1 DD),
2 W

Combined Coryat: $22,400

The J! Archive is created by fans, for fans. The Jeopardy! game show and all elements thereof, including but not limited to copyright and trademark thereto, are the property of Jeopardy Productions, Inc. and are protected under law. This website is not affiliated with, sponsored by, or operated by Jeopardy Productions, Inc. Join the discussion at JBoard.tv.